000 00899cam a22002531 4500
001 gs 12000541
003 DLC
005 20260227111313.0
008 780524s1912 dcuabf f001 0 eng
010 _ags 12000541
035 _a(OCoLC)3925099
040 _aDLC
_cUSlW
_dDLC
042 _apremarc
050 0 0 _aQE75
_b.P9 no. 74
051 _aTN24.M9
_bW5
_cCopy 2.
100 1 _aWeed, Walter Harvey,
_d1862-1944.
245 1 0 _aGeology and ore deposits of the Butte district, Montana,
_cby Walter Harvey Weed.
260 _aWashington,
_bGovt. Print. Off.,
_c1912.
300 _a262 p.
_bpl., fold. maps, diagrs. (part fold.)
_c30 cm.
410 2 0 _aGeological Survey (U.S.).
_tProfessional paper
_v74
500 _aMany of the maps and diagrams are in a pocket on the back cover.
650 0 _aGeology
_zMontana
_zButte district
650 0 _aMines and mineral resources
_zMontana
_zButte district
999 _c25165
_d25165